Marketing vybranej spoločnosti bakalárska práca

Uložené v:
Podrobná bibliografia
Hlavný autor: Vojtko, Branislav
Korporativný autor: Obchodná fakulta EU. Katedra marketingu
Ďalší autori: Drábik, Peter, 1981-
Médium: Kniha
Jazyk:Slovak
Vydavateľské údaje: Bratislava 2020
Tagy: Pridať tag
Žiadne tagy, Buďte prvý, kto otaguje tento záznam!

MARC

LEADER 00000nbm a2200000 4500
001 0266591
005 20201006101719.6
041 0 |a slo 
044 |a SK 
245 1 0 |a Marketing vybranej spoločnosti  |b bakalárska práca  |c Branislav Vojtko ; školiteľ: Peter Drábik 
264 1 |a Bratislava  |c 2020 
300 |a 41 s. 
100 1 |a Vojtko, Branislav 
700 1 |a Drábik, Peter, 1981- 
710 2 |a Obchodná fakulta EU. Katedra marketingu